000 00458nab a2200145Ia 4500
003 ES-SlBCS
005 20210601125237.0
008 140529s1976 xxu||||| |||| 00| 0 eng d
041 _aeng
100 1 _aGibson, James J.
_9155882
245 0 4 _aThe Myth of Passive Perception: A Reply to Richards
_c James J. Gibson
650 0 4 _aPercepción
_991554
773 0 _tPhilosophy and Phenomenological Research
_gvol. 37, 1976, págs. 234-238
_wRev1411
942 _cAR
999 _c527118
_d527118